[Event "Warsaw Najdorf Memorial op-B"]
[Site "Warsaw"]
[Date "2010.07.22"]
[Round "7"]
[White "Suchocki, Tomasz"]
[Black "Lada, Marek"]
[Result "1/2-1/2"]
[WhiteElo "1978"]
[BlackElo "2159"]
[PlyCount "53"]
[EventDate "2010.07.17"]
[EventType "swiss"]
[EventRounds "9"]
[EventCountry "POL"]
[SourceTitle "CBM 137 Extra"]
[Source "ChessBase"]
[SourceDate "2010.09.01"]
[SourceVersion "1"]
[SourceVersionDate "2010.09.01"]
[SourceQuality "1"]

1. d4 e6 2. c4 f5 3. g3 Nf6 4. Bg2 c6 5. Nd2 d5 6. Nh3 Bd6 7. 0-0 0-0 8. Qc2 Qe7 9. Nf3 Nbd7 10. Bf4 Bxf4 11. Nxf4 Ne4 12. Nd3 Nd6 13. Nfe5 Nxe5 14. Nxe5 Bd7 15. e3 Be8 16. c5 Nf7 17. f4 Nxe5 18. dxe5 b6 19. Rfc1 Rb8 20. Rab1 Rf7 21. b4 Qd8 22. Bf1 Rc7 23. Qc3 Bh5 24. Kf2 h6 25. Qd4 Qe7 26. Rb3 b5 27. Ra3 1/2-1/2

[Event "Warsaw Najdorf Memorial op-B"]
[Site "Warsaw"]
[Date "2010.07.20"]
[Round "4"]
[White "Krasiewicz, Robert"]
[Black "Lada, Marek"]
[Result "1/2-1/2"]
[WhiteElo "2053"]
[BlackElo "2159"]
[PlyCount "144"]
[EventDate "2010.07.17"]
[EventType "swiss"]
[EventRounds "9"]
[EventCountry "POL"]
[SourceTitle "CBM 137 Extra"]
[Source "ChessBase"]
[SourceDate "2010.09.01"]
[SourceVersion "1"]
[SourceVersionDate "2010.09.01"]
[SourceQuality "1"]

1. d4 e6 2. c4 f5 3. g3 Nf6 4. Bg2 c6 5. Nh3 d6 6. 0-0 Be7 7. b4 0-0 8. Bb2 Qc7 9. Qb3 Kh8 10. Nd2 Nbd7 11. Nf4 Nb6 12. Nd3 Bd7 13. f3 Rae8 14. Rae1 Bd8 15. c5 Nc8 16. e4 d5 17. exf5 exf5 18. Ne5 Ne7 19. Re2 Ng6 20. Rfe1 Kg8 21. Bh3 Nh8 22. Qd3 g6 23. Nf1 Nf7 24. Bc1 a6 25. Bf4 Qc8 26. Nxf7 Kxf7 27. Ne3 Bc7 28. Bh6 Rg8 29. a3 Qb8 30. Bg5 Bxg3 31. Bxf6 Bxe1 32. Be5 Rxe5 33. dxe5 Bh4 34. Nc4 Be6 35. Nd6+ Kg7 36. Rg2 Kh8 37. Qd4 Be7 38. Bxf5 Bxf5 39. e6+ Rg7 40. Nxf5 Qf8 41. Nxg7 Qxg7 42. Rg4 Bf6 43. Qd3 Qe7 44. Qe2 a5 45. Rf4 axb4 46. axb4 Kg7 47. Kf1 Qc7 48. Qe3 Qe7 49. h4 d4 50. Rxd4 Bxd4 51. Qxd4+ Qf6 52. Qd7+ Kh6 53. Qd2+ Kg7 54. Qe3 Kf8 55. h5 gxh5 56. Qe4 Ke7 57. Qxh7+ Kxe6 58. Qxh5 Qa1+ 59. Kg2 Qb2+ 60. Kg3 Qb1 61. Qe8+ Kd5 62. Qf7+ Kd4 63. Kg4 Kc3 64. Qg7+ Kc4 65. Kh5 Qh1+ 66. Kg6 Qb1+ 67. Kh6 Qh1+ 68. Kg6 Qg2+ 69. Kh7 Qxf3 70. Qxb7 Qd3+ 71. Kg8 Qb3 72. Qxc6 Qxb4 1/2-1/2

[Event "Warsaw Najdorf Memorial op-A"]
[Site "Warsaw"]
[Date "2010.07.18"]
[Round "2"]
[White "Nguyen, Piotr"]
[Black "Lada, Marek"]
[Result "1-0"]
[WhiteElo "2372"]
[BlackElo "2159"]
[PlyCount "65"]
[EventDate "2010.07.17"]
[EventType "swiss"]
[EventRounds "9"]
[EventCountry "POL"]
[SourceTitle "CBM 137 Extra"]
[Source "ChessBase"]
[SourceDate "2010.09.01"]
[SourceVersion "1"]
[SourceVersionDate "2010.09.01"]
[SourceQuality "1"]

1. e4 e6 2. d4 d5 3. Nd2 dxe4 4. Nxe4 Nd7 5. Nf3 Ngf6 6. Ng3 c5 7. c3 cxd4 8. cxd4 Bd6 9. Bc4 0-0 10. 0-0 Nb6 11. Bb3 Bd7 12. Ne5 Nbd5 13. Bg5 Bc6 14. Rc1 Rc8 15. Bxd5 Bxe5 16. Bxc6 Bxg3 17. Bxb7 Rxc1 18. Qxc1 Bxh2+ 19. Kxh2 Qb8+ 20. Qf4 Qxb7 21. Bxf6 gxf6 22. Qxf6 Qc7+ 23. g3 Rd8 24. Re1 Rd5 25. Re4 Rf5 26. Rg4+ Kf8 27. Qh6+ Ke7 28. Qd2 Qc4 29. Rg5 Rf3 30. Ra5 a6 31. Kg2 Rd3 32. Qg5+ Ke8 33. Rc5 1-0

[Event "Warsaw Najdorf Memorial op-A"]
[Site "Warsaw"]
[Date "2010.07.17"]
[Round "1"]
[White "Lada, Marek"]
[Black "Krysztofiak, Marcin"]
[Result "0-1"]
[WhiteElo "2159"]
[BlackElo "2436"]
[PlyCount "68"]
[EventDate "2010.07.17"]
[EventType "swiss"]
[EventRounds "9"]
[EventCountry "POL"]
[SourceTitle "CBM 137 Extra"]
[Source "ChessBase"]
[SourceDate "2010.09.01"]
[SourceVersion "1"]
[SourceVersionDate "2010.09.01"]
[SourceQuality "1"]

1. d4 d6 2. c4 e5 3. d5 g6 4. e4 Bh6 5. Nc3 f5 6. exf5 Bxf5 7. Nge2 Bxc1 8. Qxc1 Qh4 9. Ng3 Ne7 10. Qd2 0-0 11. Bd3 Na6 12. Nce4 Bxe4 13. Nxe4 Nf5 14. 0-0 Nd4 15. f3 Nc5 16. Nxc5 dxc5 17. Rae1 Qf4 18. Qxf4 exf4 19. Re7 Rf7 20. Rfe1 Kf8 21. R7e5 a5 22. h4 a4 23. h5 Kg7 24. hxg6 hxg6 25. Rg5 Ra6 26. Re8 Rb6 27. Ra8 Re7 28. Be4 Ne2+ 29. Kh2 Ng3 30. Rxa4 Nxe4 31. fxe4 Rxe4 32. b3 Kf6 33. Rg4 g5 34. Ra8 Kf5 0-1

[Event "Warsaw op-A 01"]
[Site "Warsaw"]
[Date "2009.02.06"]
[Round "5"]
[White "Lada, Marek"]
[Black "Moskwinski, Tadeusz"]
[Result "1-0"]
[WhiteElo "2159"]
[BlackElo "2214"]
[PlyCount "133"]
[EventDate "2009.01.08"]
[EventType "swiss"]
[EventRounds "11"]
[EventCountry "POL"]
[SourceTitle "EXT 2012"]
[Source "ChessBase"]
[SourceDate "2011.11.24"]
[SourceVersion "1"]
[SourceVersionDate "2011.11.24"]
[SourceQuality "1"]

1. d4 d5 2. c4 c6 3. cxd5 cxd5 4. Nc3 Nc6 5. Bf4 e5 6. Bxe5 Nxe5 7. dxe5 d4 8. Ne4 Qb6 9. Nf3 Qxb2 10. g3 Bb4+ 11. Nfd2 Bf5 12. Nd6+ Bxd6 13. exd6 Rc8 14. Bg2 Nf6 15. 0-0 0-0 16. Nb3 Rc4 17. Bxb7 Rd8 18. Na5 Rc2 19. Nc6 Qxb7 20. Ne7+ Kh8 21. Nxf5 Rc4 22. Qd3 Qd5 23. Rac1 Ra4 24. Qb3 Rxa2 25. Qxd5 Nxd5 26. Nxd4 Rd2 27. Rfd1 Rxd1+ 28. Rxd1 Rxd6 29. Nb5 Rd7 30. e4 Nf6 31. Rxd7 Nxd7 32. Nxa7 f6 33. f3 Kg8 34. Kf2 Kf7 35. Ke3 Ne5 36. Nb5 g5 37. Nd6+ Kg6 38. h3 h5 39. f4 gxf4+ 40. gxf4 Nc6 41. h4 Kg7 42. Nc4 Kg6 43. f5+ Kh6 44. Kf4 Nd4 45. Nd6 Kg7 46. Nc4 Ne2+ 47. Ke3 Nc3 48. Kf3 Kh6 49. Ne3 Kg7 50. Nd5 Nb5 51. Kf4 Nd4 52. Ke3 Nc6 53. Nf4 Kh6 54. Nd3 Kg7 55. Kf4 Nd4 56. e5 fxe5+ 57. Nxe5 Kf6 58. Nd7+ Ke7 59. Nc5 Ne2+ 60. Kg5 Ng3 61. Ne6 Kf7 62. Kf4 Ne2+ 63. Ke5 Ng3 64. Ng5+ Kg7 65. f6+ Kg6 66. f7 Kg7 67. Ke6 1-0

[Event "Warsaw YMCA Autumn 52nd"]
[Site "Warsaw"]
[Date "2008.11.07"]
[Round "5"]
[White "Moskwinski, Tadeusz"]
[Black "Lada, Marek"]
[Result "1/2-1/2"]
[WhiteElo "2178"]
[BlackElo "2201"]
[PlyCount "58"]
[EventDate "2008.10.07"]
[EventType "tourn"]
[EventRounds "13"]
[EventCountry "POL"]
[SourceTitle "EXT 2019"]
[Source "ChessBase"]
[SourceDate "2018.10.10"]
[SourceVersion "1"]
[SourceVersionDate "2018.10.10"]
[SourceQuality "1"]

1. e4 e6 2. d4 d5 3. Nd2 Nf6 4. e5 Nfd7 5. Bd3 c5 6. c3 Nc6 7. Ne2 cxd4 8. cxd4 f6 9. exf6 Nxf6 10. Nf3 Bd6 11. 0-0 Qc7 12. Bg5 0-0 13. Nc3 a6 14. Rc1 Ng4 15. g3 Qf7 16. Be2 h6 17. Bd2 Bd7 18. Kg2 b5 19. h3 Nf6 20. Be3 Rac8 21. Qd3 e5 22. dxe5 Nxe5 23. Nxe5 Bxe5 24. Bd4 Bxd4 25. Qxd4 Qe6 26. Rfe1 Qxh3+ 27. Kg1 Kh8 28. Nxd5 Nxd5 29. Qxd5 Qf5 1/2-1/2

[Event "Warsaw YMCA Autumn 52nd"]
[Site "Warsaw"]
[Date "2008.10.31"]
[Round "4"]
[White "Lada, Marek"]
[Black "Sielicki, Tomasz"]
[Result "1/2-1/2"]
[WhiteElo "2201"]
[BlackElo "2063"]
[PlyCount "54"]
[EventDate "2008.10.07"]
[EventType "tourn"]
[EventRounds "13"]
[EventCountry "POL"]
[SourceTitle "EXT 2019"]
[Source "ChessBase"]
[SourceDate "2018.10.10"]
[SourceVersion "1"]
[SourceVersionDate "2018.10.10"]
[SourceQuality "1"]

1. d4 Nf6 2. c4 g6 3. Nc3 Bg7 4. e4 d6 5. Nf3 0-0 6. Be2 Na6 7. Bg5 h6 8. Bh4 e5 9. d5 c6 10. 0-0 cxd5 11. cxd5 g5 12. Bg3 Nc5 13. Nd2 a5 14. h3 Bd7 15. a4 Qb6 16. Nc4 Qb4 17. Nxd6 Nfxe4 18. Ndxe4 Nxe4 19. Nxe4 Qxe4 20. Re1 Qb4 21. Bd3 Qxb2 22. Re2 Qd4 23. Re4 Qxd5 24. Rxe5 Bxe5 25. Bh7+ Kxh7 26. Qxd5 Bxa1 27. Qxd7 Kg7 1/2-1/2

[Event "Warsaw Najdorf Memorial op-A"]
[Site "Warsaw"]
[Date "2008.08.10"]
[Round "9"]
[White "Tvarijonas, Povilas"]
[Black "Lada, Marek"]
[Result "1-0"]
[WhiteElo "2285"]
[BlackElo "2226"]
[PlyCount "67"]
[EventDate "2008.08.02"]
[EventType "swiss"]
[EventRounds "9"]
[EventCountry "POL"]
[SourceTitle "CBM 125 Extra"]
[Source "ChessBase"]
[SourceDate "2008.09.01"]
[SourceVersion "1"]
[SourceVersionDate "2008.09.01"]
[SourceQuality "1"]

1. e4 e6 2. d4 d5 3. exd5 exd5 4. Bd3 Nc6 5. c3 Bd6 6. Qf3 Be6 7. Bf4 Nf6 8. h3 Bxf4 9. Qxf4 Qe7 10. Ne2 0-0-0 11. Nd2 h6 12. 0-0-0 Ne8 13. Rde1 Nd6 14. Qf3 Rde8 15. Nf4 Qf6 16. g4 Nb8 17. Qg3 g6 18. Re3 Nc6 19. Rhe1 Nd8 20. Nf3 Rhf8 21. h4 Qg7 22. b3 a6 23. Kb2 b5 24. a4 Kb7 25. axb5 axb5 26. Ne5 Nc6 27. Qg2 Nxe5 28. dxe5 b4 29. Nxd5 Bxd5 30. Qxd5+ Kb8 31. exd6 Qxc3+ 32. Kb1 Rxe3 33. dxc7+ Kxc7 34. Rxe3 1-0

[Event "Warsaw Najdorf Memorial op-A"]
[Site "Warsaw"]
[Date "2008.08.07"]
[Round "6"]
[White "Lada, Marek"]
[Black "Brodowski, Piotr"]
[Result "0-1"]
[WhiteElo "2226"]
[BlackElo "2424"]
[PlyCount "92"]
[EventDate "2008.08.02"]
[EventType "swiss"]
[EventRounds "9"]
[EventCountry "POL"]
[SourceTitle "CBM 125 Extra"]
[Source "ChessBase"]
[SourceDate "2008.09.01"]
[SourceVersion "1"]
[SourceVersionDate "2008.09.01"]
[SourceQuality "1"]

1. d4 c5 2. d5 d6 3. c4 e5 4. e4 Be7 5. Nc3 Bg5 6. g3 Nh6 7. Bg2 0-0 8. Nf3 Bxc1 9. Qxc1 f5 10. exf5 Bxf5 11. Qd2 Na6 12. 0-0 Nf7 13. Ne1 Qd7 14. Nd3 Rae8 15. Ne4 b5 16. b3 bxc4 17. bxc4 Qa4 18. Rfc1 Nb8 19. h4 Nd7 20. Qc2 Qa6 21. Rab1 Nb6 22. Rb3 Qc8 23. Rb2 Qd7 24. Rcb1 Nh6 25. a4 Qxa4 26. Qxa4 Nxa4 27. Rb3 Bxe4 28. Bxe4 Nb6 29. Rc1 Nf5 30. Ra3 Nd4 31. Kg2 a5 32. Rcc3 a4 33. Nb2 Ra8 34. Nd3 Nd7 35. Nb2 Nf6 36. Bc2 Ng4 37. Nd1 Ra7 38. Rxa4 Raf7 39. Ra2 Rxf2+ 40. Nxf2 Rxf2+ 41. Kh3 h5 42. Bb1 Ne2 43. Rxe2 Rxe2 44. Rc2 Re1 45. Ra2 Rxb1 46. Rb2 Rh1+ 0-1

[Event "Warsaw Najdorf Memorial op-A"]
[Site "Warsaw"]
[Date "2008.08.06"]
[Round "5"]
[White "Wisniowska, Klaudia"]
[Black "Lada, Marek"]
[Result "0-1"]
[WhiteElo "1905"]
[BlackElo "2226"]
[PlyCount "88"]
[EventDate "2008.08.02"]
[EventType "swiss"]
[EventRounds "9"]
[EventCountry "POL"]
[SourceTitle "CBM 125 Extra"]
[Source "ChessBase"]
[SourceDate "2008.09.01"]
[SourceVersion "1"]
[SourceVersionDate "2008.09.01"]
[SourceQuality "1"]

1. e4 e6 2. d4 d5 3. Nc3 Nf6 4. e5 Nfd7 5. f4 c5 6. Nf3 a6 7. Be3 Qb6 8. Na4 Qa5+ 9. c3 cxd4 10. b4 Qc7 11. Qxd4 a5 12. b5 b6 13. Be2 Nc5 14. 0-0 Nbd7 15. Nb2 Be7 16. c4 Bb7 17. cxd5 Bxd5 18. Bc4 Bb7 19. Rac1 g6 20. Be2 0-0 21. Nc4 Bd5 22. Nfd2 Rfd8 23. Qc3 Rac8 24. Bf3 Qb7 25. Qc2 Nb8 26. Qb1 Bxf3 27. Rxf3 Rd3 28. Nb2 Rd5 29. Ndc4 Rcd8 30. Rcf1 Nbd7 31. Rg3 f5 32. exf6 Bxf6 33. f5 exf5 34. Rxf5 Rxf5 35. Qxf5 Qe4 36. Qf1 Rf8 37. Rf3 Bxb2 38. Nxb2 Rxf3 39. Qxf3 Qb1+ 40. Nd1 Qxa2 41. Qa8+ Kf7 42. Qh8 Nf6 43. Bd4 Ncd7 44. Nc3 Qd2 0-1

[Event "Karpacz Karkonosze op"]
[Site "Karpacz"]
[Date "2008.07.02"]
[Round "8.6"]
[White "Musialkiewicz, Pawel"]
[Black "Lada, Marek"]
[Result "1/2-1/2"]
[WhiteElo "1801"]
[BlackElo "2226"]
[PlyCount "81"]
[EventDate "2008.06.27"]
[EventType "swiss"]
[EventRounds "9"]
[EventCountry "POL"]
[SourceTitle "EXT 2023"]
[Source "ChessBase"]
[SourceDate "2022.10.05"]
[SourceVersion "1"]
[SourceVersionDate "2022.10.05"]
[SourceQuality "1"]

1. e4 e6 2. d4 d5 3. exd5 exd5 4. Bd3 Nc6 5. c3 Bd6 6. Nf3 Nge7 7. Qc2 Bg4 8. Nbd2 Qd7 9. 0-0 0-0-0 10. b4 Rde8 11. a4 Bf5 12. b5 Na5 13. Ba3 Bxa3 14. Rxa3 Bxd3 15. Qxd3 Qf5 16. Qxf5+ Nxf5 17. Raa1 f6 18. Rfe1 Kd7 19. Kf1 Nd6 20. Rxe8 Rxe8 21. Ne1 Ndc4 22. Ra2 Kd6 23. Nd3 b6 24. Nb4 g5 25. Nxc4+ Nxc4 26. Nc6 a5 27. Re2 Rxe2 28. Kxe2 h5 29. Kd3 h4 30. g4 Kd7 31. h3 Nd6 32. f3 Nc8 33. c4 Kd6 34. Nd8 Ne7 35. c5+ Kd7 36. Nf7 Ng6 37. Nh6 Nf4+ 38. Ke3 Nxh3 39. Nf5 Nf4 40. c6+ Ke6 41. Nxh4 1/2-1/2

[Event "Karpacz Karkonosze op"]
[Site "Karpacz"]
[Date "2008.06.30"]
[Round "4.3"]
[White "Lada, Marek"]
[Black "Musialkiewicz, Jan"]
[Result "1/2-1/2"]
[WhiteElo "2226"]
[BlackElo "2025"]
[PlyCount "76"]
[EventDate "2008.06.27"]
[EventType "swiss"]
[EventRounds "9"]
[EventCountry "POL"]
[SourceTitle "EXT 2023"]
[Source "ChessBase"]
[SourceDate "2022.10.05"]
[SourceVersion "1"]
[SourceVersionDate "2022.10.05"]
[SourceQuality "1"]

1. d4 d5 2. c4 e6 3. g3 Nf6 4. Bg2 Nbd7 5. Nf3 Be7 6. 0-0 b6 7. cxd5 exd5 8. Nc3 Bb7 9. Bg5 0-0 10. Rc1 c5 11. e3 Ne4 12. Bxe7 Qxe7 13. dxc5 Nxc3 14. Rxc3 bxc5 15. Qd2 Rac8 16. Rd1 Rfd8 17. Ra3 Ra8 18. Qc2 Nb6 19. Rc3 Rac8 20. Ne1 Bc6 21. b3 d4 22. exd4 Bxg2 23. Nxg2 cxd4 24. Rxc8 Nxc8 25. Qc4 Qf6 26. Nf4 Ne7 27. b4 Nc6 28. Nd3 g6 29. Re1 Kg7 30. b5 Ne7 31. Qc5 Rd7 32. a4 Qf5 33. Ne5 Qe6 34. Nxd7 Qxe1+ 35. Kg2 Qe4+ 36. Kf1 f6 37. Qd6 Qd3+ 38. Kg1 Qb1+ 1/2-1/2

[Event "Karpacz Karkonosze op"]
[Site "Karpacz"]
[Date "2008.06.30"]
[Round "5.4"]
[White "Wojtaszewski, Piotr"]
[Black "Lada, Marek"]
[Result "1/2-1/2"]
[WhiteElo "1962"]
[BlackElo "2226"]
[PlyCount "68"]
[EventDate "2008.06.27"]
[EventType "swiss"]
[EventRounds "9"]
[EventCountry "POL"]
[SourceTitle "EXT 2023"]
[Source "ChessBase"]
[SourceDate "2022.10.05"]
[SourceVersion "1"]
[SourceVersionDate "2022.10.05"]
[SourceQuality "1"]

1. c4 e6 2. Nc3 f5 3. d4 Nf6 4. g3 d5 5. cxd5 exd5 6. Bg2 c6 7. Nf3 Bd6 8. 0-0 0-0 9. a3 a5 10. Ne5 Be6 11. Bf4 Qe7 12. e3 Ne4 13. Nd3 Nd7 14. f3 Nxc3 15. bxc3 a4 16. Bxd6 Qxd6 17. f4 Nb6 18. Re1 Nc4 19. Bf1 b5 20. Nc5 Nb6 21. Bd3 Ra7 22. Qh5 Nd7 23. Nxd7 Rxd7 24. Kf2 Re7 25. Qe2 Bd7 26. Qc2 Qh6 27. h4 Qf6 28. Qe2 Be8 29. Qf3 h6 30. Rh1 Bd7 31. Rhe1 Qd6 32. Qe2 Rfe8 33. Qc2 Qf6 34. Rab1 Kf8 1/2-1/2

[Event "Warsaw YMCA Winter-A 31st"]
[Site "Warsaw"]
[Date "2007.03.23"]
[Round "13"]
[White "Lada, Marek"]
[Black "Adamski, Andrzej"]
[Result "1/2-1/2"]
[WhiteElo "2244"]
[BlackElo "2226"]
[PlyCount "139"]
[EventDate "2006.12.27"]
[EventType "tourn"]
[EventRounds "13"]
[EventCountry "POL"]
[SourceTitle "EXT 2011"]
[Source "ChessBase"]
[SourceDate "2010.11.26"]
[SourceVersion "1"]
[SourceVersionDate "2010.11.26"]
[SourceQuality "1"]

1. d4 d5 2. c4 e6 3. g3 Nf6 4. Bg2 c5 5. cxd5 exd5 6. Nf3 Nc6 7. 0-0 Be6 8. Nc3 Be7 9. b3 0-0 10. Bb2 Rc8 11. e3 a6 12. Rc1 Qa5 13. dxc5 Bxc5 14. a3 Be7 15. b4 Qd8 16. Nd4 Nxd4 17. Qxd4 Rc4 18. Qd3 d4 19. exd4 Rxd4 20. Qf3 b5 21. Qb7 Bc8 22. Qa7 Rd7 23. Qa8 Bb7 24. Qxd8 Rfxd8 25. Rfd1 Bxg2 26. Kxg2 Rd2 27. Ba1 h5 28. Rxd2 Rxd2 29. Re1 Kf8 30. Re2 Rd3 31. Re3 Rxe3 32. fxe3 Bd6 33. Ne2 Ne4 34. Bd4 Nd2 35. Nc3 f5 36. a4 bxa4 37. Nxa4 Bxb4 38. Nb6 g6 39. h3 a5 40. g4 h4 41. gxf5 gxf5 42. Bf6 Be7 43. Bc3 Nb3 44. Kf3 Bd6 45. e4 Bc7 46. Na4 fxe4+ 47. Kxe4 Kf7 48. Be1 Bd8 49. Kd3 Kg6 50. Kc4 Nc1 51. Kb5 Nd3 52. Bxh4 Bxh4 53. Kxa5 Kf5 54. Kb5 Nf4 55. Kc6 Nxh3 56. Nc5 Be7 57. Nd7 Nf4 58. Nc5 Bf8 59. Nd7 Bb4 60. Nc5 Ba3 61. Nd7 Nd3 62. Kd5 Be7 63. Nb6 Nf4+ 64. Kc6 Ke6 65. Nc8 Ba3 66. Nb6 Nd3 67. Nc4 Be7 68. Nb6 Ne5+ 69. Kb5 Bd8 70. Nc4 1/2-1/2

[Event "Warsaw YMCA Winter-A 31st"]
[Site "Warsaw"]
[Date "2007.02.28"]
[Round "10"]
[White "Lada, Marek"]
[Black "Bartel, Michal"]
[Result "1/2-1/2"]
[WhiteElo "2244"]
[BlackElo "2226"]
[PlyCount "71"]
[EventDate "2006.12.27"]
[EventType "tourn"]
[EventRounds "13"]
[EventCountry "POL"]
[SourceTitle "EXT 2011"]
[Source "ChessBase"]
[SourceDate "2010.11.26"]
[SourceVersion "1"]
[SourceVersionDate "2010.11.26"]
[SourceQuality "1"]

1. d4 Nf6 2. c4 e6 3. g3 c5 4. d5 exd5 5. cxd5 b5 6. Bg2 d6 7. e4 Nbd7 8. Ne2 g6 9. 0-0 Bg7 10. a4 b4 11. Bf4 Qe7 12. Re1 0-0 13. Nd2 Ba6 14. Rc1 Nh5 15. b3 Rfe8 16. Nc4 Bxc4 17. Rxc4 a5 18. Rc2 Rac8 19. Qd3 g5 20. Qf3 Nxf4 21. gxf4 gxf4 22. Nxf4 Qh4 23. Nd3 Ne5 24. Nxe5 Rxe5 25. Qh3 Qxh3 26. Bxh3 Rce8 27. Rce2 Rh5 28. Bd7 Re7 29. Bb5 Bd4 30. Kh1 Rh3 31. Rg1+ Kf8 32. Rg3 Rh4 33. f3 Be5 34. Rg4 Rxg4 35. fxg4 Kg7 36. Kg2 1/2-1/2

[Event "Warsaw YMCA Winter-A 31st"]
[Site "Warsaw"]
[Date "2007.01.26"]
[Round "5"]
[White "Chalupnik, Marcin"]
[Black "Lada, Marek"]
[Result "1-0"]
[WhiteElo "2284"]
[BlackElo "2244"]
[PlyCount "97"]
[EventDate "2006.12.27"]
[EventType "tourn"]
[EventRounds "13"]
[EventCountry "POL"]
[SourceTitle "EXT 2011"]
[Source "ChessBase"]
[SourceDate "2010.11.26"]
[SourceVersion "1"]
[SourceVersionDate "2010.11.26"]
[SourceQuality "1"]

1. e4 e6 2. d4 d5 3. Nc3 Nf6 4. e5 Nfd7 5. f4 c5 6. Nf3 a6 7. Be3 Qb6 8. Na4 Qa5+ 9. c3 cxd4 10. b4 Qc7 11. Bxd4 Nc6 12. Qd2 Be7 13. Bd3 0-0 14. 0-0 b6 15. Rae1 b5 16. Nb2 Nb6 17. Ng5 g6 18. Rf3 Nxd4 19. cxd4 h6 20. Nh3 Kg7 21. g4 Nc4 22. Nxc4 dxc4 23. Be4 Bb7 24. f5 Bh4 25. Re2 Rac8 26. Rc3 Kh7 27. f6 a5 28. a3 axb4 29. axb4 Ra8 30. g5 Ra1+ 31. Kg2 h5 32. Qe3 Rfa8 33. Qf3 Bxe4 34. Qxe4 R8a2 35. Rcc2 Rxc2 36. Rxc2 Be1 37. Nf4 Bxb4 38. Nxh5 Re1 39. Re2 Rxe2+ 40. Qxe2 gxh5 41. Qxh5+ Kg8 42. g6 fxg6 43. Qxg6+ Kf8 44. d5 Qf7 45. Qh6+ Ke8 46. d6 c3 47. Qh8+ Qf8 48. Qh5+ Qf7 49. d7+ 1-0

[Event "Polanica Zdroj op"]
[Site "Polanica Zdroj"]
[Date "2001.08.18"]
[Round "3"]
[White "Lada, Marek"]
[Black "Tihonov, Jurij"]
[Result "1-0"]
[WhiteElo "2230"]
[BlackElo "2393"]
[PlyCount "103"]
[EventDate "2001.08.16"]
[EventType "swiss"]
[EventRounds "10"]
[EventCountry "POL"]
[SourceTitle "EXT 2002"]
[Source "ChessBase"]
[SourceDate "2001.11.25"]
[SourceVersion "1"]
[SourceVersionDate "2001.11.25"]
[SourceQuality "1"]

1. d4 Nf6 2. c4 g6 3. Nc3 Bg7 4. e4 d6 5. Nf3 0-0 6. Be2 e5 7. d5 a5 8. Bg5 Na6 9. Nd2 Qe8 10. 0-0 Bd7 11. b3 Kh8 12. a3 Ng8 13. Rb1 f5 14. f3 Nc5 15. b4 axb4 16. axb4 Na4 17. Qc2 Nf6 18. c5 dxc5 19. Nxa4 Bxa4 20. Qxc5 c6 21. Nc4 cxd5 22. exd5 Rc8 23. Qa5 Ra8 24. Qc5 Rc8 25. Qa5 Qb5 26. d6 h6 27. Bxf6 Bxf6 28. Rfe1 Qxa5 29. bxa5 Bc6 30. Red1 e4 31. Nb6 Rcd8 32. Bb5 Bxb5 33. Rxb5 Rfe8 34. d7 Re6 35. fxe4 Rxe4 36. Rbd5 Re5 37. Kf1 Kg7 38. Nc4 Rxd5 39. Rxd5 Kf7 40. Rd3 Ke6 41. Nb6 Be7 42. Re3+ Kf7 43. Rc3 Bd6 44. h3 Be5 45. Rc4 Ke7 46. Ke2 Bh2 47. Rc1 h5 48. Kd3 Bg3 49. Ke2 Bf4 50. Nd5+ Kxd7 51. Nxf4 Rg8 52. Rd1+ 1-0

[Event "Polanica Zdroj op"]
[Site "Polanica Zdroj"]
[Date "2001.08.17"]
[Round "2"]
[White "Piotrowski, Lukasz"]
[Black "Lada, Marek"]
[Result "0-1"]
[WhiteElo "2121"]
[BlackElo "2230"]
[PlyCount "40"]
[EventDate "2001.08.16"]
[EventType "swiss"]
[EventRounds "10"]
[EventCountry "POL"]
[SourceTitle "EXT 2002"]
[Source "ChessBase"]
[SourceDate "2001.11.25"]
[SourceVersion "1"]
[SourceVersionDate "2001.11.25"]
[SourceQuality "1"]

1. e4 e6 2. d3 d5 3. Qe2 Ne7 4. Nf3 c5 5. g3 Nbc6 6. Bg2 g6 7. 0-0 Bg7 8. e5 h6 9. h4 b6 10. c3 a5 11. Bf4 Ba6 12. Re1 a4 13. Nbd2 Qc7 14. Nf1 b5 15. Rac1 b4 16. a3 bxa3 17. bxa3 Rb8 18. Qc2 Qa5 19. Rb1 0-0 20. c4 dxc4 0-1